Mechanics / (Record no. 29164)

000 -LEADER
fixed length control field 00520 a2200169 4500
020 ## - INTERNATIONAL STANDARD BOOK NUMBER
International Standard Book Number 1904798462
020 ## - INTERNATIONAL STANDARD BOOK NUMBER
International Standard Book Number 9781904798460
082 04 - DEWEY DECIMAL CLASSIFICATION NUMBER
Classification number 531
090 ## - LOCALLY ASSIGNED LC-TYPE CALL NUMBER (OCLC); LOCAL CALL NUMBER (RLIN)
-- 534
-- 534
100 1# - MAIN ENTRY--PERSONAL NAME
Personal name Kakani, Shubhra.
245 10 - TITLE STATEMENT
Title Mechanics /
Statement of responsibility, etc. Shubhra Kakani, C. Hemrajani.
260 ## - PUBLICATION, DISTRIBUTION, ETC.
Place of publication, distribution, etc. [S.l.] :
Name of publisher, distributor, etc. Anshan Ltd,
Date of publication, distribution, etc. 2005.
300 ## - PHYSICAL DESCRIPTION
Extent 606 p. ;
Dimensions 25 cm.
700 ## - ADDED ENTRY--PERSONAL NAME
Personal name Hemrajani, C.
942 ## - ADDED ENTRY ELEMENTS (KOHA)
Institution code [OBSOLETE] SNS
Koha item type Book
Call number prefix 531 KAK
Holdings
Withdrawn status Lost status Source of classification or shelving scheme Damaged status Not for loan Permanent Location Current Location Shelving location Date acquired Full call number Barcode Date last seen Price effective from Koha item type
        Not For Loan School of Natural Sciences (SNS) School of Natural Sciences (SNS) Reference 05/26/2016 531 KAK SNS0000477 12/07/2022 05/26/2016 Book
© 2023 Central Library, National University of Sciences and Technology. All Rights Reserved.